000 00812nam a2200217 a 4500
001 29821
005 20180713232931.0
008 140415s1990 000 0 spa d
020 _a968422432X
041 _aspa
082 _a658
_bHUL
100 1 _aM. HULBERTO, JAMES
245 1 0 _aMERCADOTECNIA UNA PERSPECTIVA GLOBAL
250 _a1ª EDICIÓN
260 _a[s.l.] :
_bMC GRAW HILL,
_c1990
300 _a209
_c13 x 2 x 23
520 _aJAMES M. HUBERT ES CATEDRATICO EN MERCADOTECNIA EN LA GADUATE SCHOOL OF BUSINESS DE LA COLUMBIA UNIVERSITY Y DIRECTOR ADJUNTO DE LOS PROGRAMAS DE ADMINISTRACION DE MERCADOTECNIA Y DE ADMINISTRACION DE VENTAS DE ESA MISMA INSTITUCIÓN.
650 1 4 _aMERCADOTECNIA
700 1 _aA. HAAS, ROBERTO.
_etr.
740 _aMARKETING A STRAGIC PERSPECTIVE
999 _c29821
_d29821